Apuestas igualitaristas del IMAS durante el Gobierno de Pacheco de la Espriella (2002-2006): redistribuyendo recursos y asignando compromisos institucionales hacia la persona pobre /
En este artículo se presentan los resultados de un proyecto de investigación en el cual se analizan los principales programas sociales desarrollados durante el gobierno de Pacheco de la Espriella (2002-2006) por el Instituto Mixto de Ayuda Social (agencia de gobierno dedicada a la atención de la pob...
Wedi'i Gadw mewn:
| Prif Awdur: | |
|---|---|
| Fformat: | Texto |
| Iaith: | Spanish |
| Pynciau: | |
| Tagiau: |
Ychwanegu Tag
Dim Tagiau, Byddwch y cyntaf i dagio'r cofnod hwn!
|
MARC
| LEADER | 00000 a a2200000 04500 | ||
|---|---|---|---|
| 003 | cru CRAI/IIS | ||
| 005 | 20210303153157.0 | ||
| 008 | 210303s2006 cr |||p|r||||||0| ||spa|d | ||
| 999 | |c 43623 |d 43623 | ||
| 040 | |c cru CRAI/IIS | ||
| 100 | 1 | |a López Ruiz, Mauricio |9 1054 |e Autor | |
| 245 | 1 | |a Apuestas igualitaristas del IMAS durante el Gobierno de Pacheco de la Espriella (2002-2006): |b redistribuyendo recursos y asignando compromisos institucionales hacia la persona pobre / |c Mauricio López Ruiz | |
| 300 | |a páginas 195-201 | ||
| 520 | |a En este artículo se presentan los resultados de un proyecto de investigación en el cual se analizan los principales programas sociales desarrollados durante el gobierno de Pacheco de la Espriella (2002-2006) por el Instituto Mixto de Ayuda Social (agencia de gobierno dedicada a la atención de la pobreza en Costa Rica), con el fin de examinar la influencia que tuvo en sus lógicas de distribución de recursos y en sus lógicas de asignación de compromisos institucionales hacia la persona pobre, el tratamiento dado al tema de la igualdad. RRA/AGOSTO2010 | ||
| 590 | |a RRA/AGOSTO2010 | ||
| 650 | 0 | |a PROGRAMAS DE AYUDA |9 3326 | |
| 650 | 0 | |a BIENESTAR SOCIAL |9 2121 | |
| 650 | 0 | |a GOBIERNO |9 4911 | |
| 651 | 0 | |9 32 |a COSTA RICA | |
| 773 | 0 | |0 18765 |9 5212 |a Universidad de Costa Rica. |d San José, Costa Rica: Editorial Universidad de Costa Rica, 1974- |o 09549 |t Anuario de Estudios Centroamericanos / |x 03777316 | |
| 942 | |2 ddc |c PP | ||
